000 00472nam a2200181Ia 4500
008 100917s9999 xx 000 0 und d
082 _b4710
100 _aकुलकर्णी दत्तात्रय माधवराव
245 _aविभा
260 _b---
_c1914
300 _a208
365 _b1.5
520 _aकादंबरी
630 _aविभा
650 _aकादंबरी
730 _aविभा
942 _cBOOK
999 _c610104
_d610101